Trikrát Havlíková

Bibliographic Details
Main Author: Dvořák, Pavel, 1937-2018 (Author)
Format: Article
Language:Slovak
Subjects:

MARC

LEADER 00000nab a2200000 ar4500
001 vtls010082607
003 SK-MaSNL
005 20260304015020.0
008 100407c1973 xo |r|p|||||||000 b|slo
015 |a SNBRB1973 
038 |a SNKBUCL 
040 |a SNKBUCL  |b slo  |c SNKBUCL  |e AACR2 
041 |a slo 
044 |a xo  |c SK 
080 |a 78.071.2  |2 1997 
100 1 |a Dvořák, Pavel,  |d 1937-2018  |4 aut  |9 200389 
245 1 0 |a Trikrát Havlíková  |c Pavel Dvořák 
600 1 7 |a Havlíková, Klára,  |d 1931-2007  |2 snkbucl  |9 107900 
655 7 |a profily  |2 snkbucl  |9 341977 
773 0 |t Rytmus  |g Č. 6 (1973), s. 31 
852 |a SNK  |b KIS3GCP 
958 |a BX 
999 |c 2589026  |d 2590956